La Colección teatral de Don Arturo Sedó, vista por su bibliotecaria : importante adquisición para el Museo de Arte Escénico de la Diputación de Barcelona / por Dolores Givanel de Pujol importante adquisición para el Museo de Arte Escénico de la Diputación de Barcelona / por Dolores Givanel de Pujol
Publicado:
San Jorge, núm. 73 (1r trimestre 1969), pàg 24 - 33 :
MARC
| LEADER | 00000nam a2200000Ia 4500 | ||
|---|---|---|---|
| 001 | |||
| 008 | 160829s9999 xx 000 0 cat d | ||
| 100 | |a Givanel de Pujol, Dolores |9 36768 | ||
| 245 | |a La Colección teatral de Don Arturo Sedó, vista por su bibliotecaria : |b importante adquisición para el Museo de Arte Escénico de la Diputación de Barcelona / por Dolores Givanel de Pujol | ||
| 260 | |a San Jorge, núm. 73 (1r trimestre 1969), pàg 24 - 33 | ||
| 590 | |a Conté 12 fotografies | ||
| 650 | |a Sedó i Ragull, Joan Artur |x Llibres i lectura i Biblioteca |9 36769 | ||
| 650 | |a Institut del Teatre (Barcelona). Museu d'Arts Escèniques |x Donacions i llegats |9 31371 | ||
| 901 | |a Arxiu | ||
| 942 | |n 1 | ||
| 952 | |0 0 |1 0 |4 0 |7 1 |9 47507 |a Arxiu |b Arxiu |d 2016-12-01 |l 0 |r 2016-12-01 00:00:00 |w 2016-12-01 |y ARXIU | ||
| 999 | |c 51306 |d 51306 | ||